| 000 | 00428nam a2200169Ia 4500 | ||
|---|---|---|---|
| 008 | 230516s9999 xx 000 0 und d | ||
| 041 | _aeng | ||
| 082 |
_a615.4 _bCAR |
||
| 100 | _aCARTER S. J. | ||
| 245 | _aCOOPER & GUNN'S DESPENSING FOR PHARMACEUTICAL STUDENTS | ||
| 250 | _a12TH | ||
| 260 |
_bCBS PUBLISHERS & DISTRIBUTOR PVT. LTD. _c2008 |
||
| 300 | _a759 | ||
| 365 | _h10% | ||
| 520 | _aPH | ||
| 650 | _aPHARMACEUTICS | ||
| 999 |
_c373167 _d373167 |
||